000 01218cam a2200397 a 4500
001 22819
003 SK-KTurca
005 20260428160317.0
008 230501s1972 xo gr 000 p slo
015 _aSNBA1972/08-02067
020 _q(viazané)
035 _aSK01SNK19720034955
035 _a58ED8304-9A0E-49D6-B307-B3F468FFCA2C
035 _aurn:nbn:sk:snk-am00id6n
035 _aSKM000037418
040 _aSNK
_bslo
_cSNK
_eAACR2
041 0 _aslo
044 _axo
_cSK
072 7 _a821.162.4-1
_xSlovenská poézia
_2konspekt
080 _a885.4-1
_21981
080 _a821.162.4-1
_22011
100 1 _aFabry, Rudolf,
_d1915-1982
_4aut
245 1 0 _aOdvíjanie času
_cRudolf Fábry
260 _aBratislava
_bSlovenský spisovateľ
_c1972
_eMartin
_fTlačiarne SNP
300 _a213 strán
_c
366 _e6000 výtl.
490 1 _aVybrané spisy Rudolfa Fábryho
_vzv. 1
500 _aDokument obsahuje 3 diela
655 0 7 _aslovenská poézia
_2SNKPH
740 0 2 _aUťaté ruky
740 0 2 _aVodné hodiny, hodiny piesočné
740 0 2 _aJa je niekto iný
800 1 _aFabry, Rudolf,
_d1915-1982
_tVybrané spisy
942 _2ddc
_cKLDO
_n0
999 _c22819
_d22819